| 000 | 00687nam a2200217 i 4500 | ||
|---|---|---|---|
| 001 | 13694 | ||
| 003 | ES-MaACL | ||
| 005 | 20230906150638.0 | ||
| 007 | t| | ||
| 008 | 980601s1990 it ||||1| ita d | ||
| 080 | _a1 Gaos, José | ||
| 100 | 1 |
_aColonnello, Pio. _939888 |
|
| 245 | 1 | 0 |
_aTra fenomenologia e filosofia dell'esistenza _b: saggio su José Gaos / _cPio Colonnello. |
| 260 |
_aNapoli : _bMorano, _c1990. |
||
| 300 |
_a124 p. ; _c24 cm. |
||
| 490 | 1 |
_aNobiltáa dello spirito ; _v24 |
|
| 600 | 1 | 4 |
_aGaos, José- _vCrítica e interpretación. _953904 |
| 830 | 0 |
_aNobiltáa dello spirito ; _v24 _9228445 |
|
| 852 |
_aES-MaACL _jL-21044 _bR.119142 |
||
| 999 |
_c13694 _d13694 |
||